000 00590nam a2200193Ia 4500
008 151121s9999||||xx |||||||||||||| ||und||
082 _a813/कोलार
082 _bHNW-114256
100 _aकोलारकर श।गो
245 _aऔरंगजेब
260 _b"डायमंड बुक स्टॉल, सांगली।"
260 _c2006
300 _a511
600 _aकोलारकर श।गो
630 _aऔरंगजेब
700 _aकोलारकर श।गो
730 _aऔरंगजेब
942 _cBOOK
999 _c1263270
_d1263267